| 000 | 01377cas a2200301 a 4500 | ||
|---|---|---|---|
| 001 | 11247960 | ||
| 005 | 20061110050216.0 | ||
| 008 | 751101c19679999dcuqr p o 0 a0eng | ||
| 010 |
_a 81641752 _zsc 76000209 |
||
| 022 | 0 | _a00398322 | |
| 035 | _a(OCoLC)ocm01767202 | ||
| 050 | 0 | 0 |
_aPE1128.A2 _bT454 |
| 082 |
_a428.007 _222 _bTES |
||
| 245 | 0 | 0 |
_aTESOL Quarterly : _cTeachers of English to Speakers of Other Languages. _bA Journal for Teachers of English to Speakers of other languages and of Standard English as a second Dialect/ |
| 246 | 3 | _aTeachers of English to Speakers of Other Languages | |
| 260 |
_aUSA : _bTESOL, _cc2009- |
||
| 300 |
_av. ; _c24 cm. |
||
| 310 |
_aQuarterly _b2009- |
||
| 500 | _aTitle from cover. | ||
| 530 | _aAlso issued online | ||
| 650 | 0 |
_aEnglish language _xStudy and teaching _xForeign speakers _vPeriodicals. _98596 |
|
| 710 | 2 |
_aTeachers of English to Speakers of Other Languages. _98597 |
|
| 776 | 1 |
_tTESOL quarterly (Online) _x1545-7249 _w(DLC) 2003215361 _w(OCoLC)44394888 |
|
| 942 |
_2ddc _cJOURNAL _s1 |
||
| 999 |
_c12683 _d12683 |
||